Dirección por objetivos: aplicaciones en la pequeña empresa

Bewaard in:
Bibliografische gegevens
Formaat: Boek
Taal:Spaans
Gepubliceerd in: Madrid Diaz de Santos 1994
Editie:1a. ed
Reeks:Guías de Gestión de la Pequeña Empresa
Onderwerpen:
Tags: Voeg label toe
Geen labels, Wees de eerste die dit record labelt!

MARC

LEADER 00000cam a2200000 a 4500
001 UCE6080
003 CL-VaPUC
008 150319e19940000sp |||||||||||||||||spa|d
020 |a 8479781459 
082 0 4 |a 658.314  |b DIR  |2 21 
245 1 0 |a Dirección por objetivos: aplicaciones en la pequeña empresa 
250 |a 1a. ed 
300 |a 224 p 
942 |c BK 
945 |d 20150319 12:57:00  |a arojas 
260 |a Madrid  |b Diaz de Santos  |c 1994 
650 7 |a OBJETIVOS DE LA PRODUCCION  |2 CL-VaPUC  |9 364681 
650 0 |a Gestión de la producción   |9 259467 
650 7 |a POLITICA DE PRODUCTIVIDAD  |2 CL-VaPUC  |9 364682 
650 7 |a INGENIERIA DE LA PRODUCCION  |2 CL-VaPUC  |9 262727 
650 7 |a OBJETIVOS OPERACIONALES  |2 CL-VaPUC  |9 360559 
650 7 |a PLANIFICACION OPERACIONAL  |2 CL-VaPUC  |9 340981 
583 |a last modification  |c 20150319 12:57:00  |k Rodrigo Vera 
490 0 |a Guías de Gestión de la Pequeña Empresa 
999 |c 358548  |d 358546